000 01063 a2200205 4500
999 _c12593
_d12593
010 _aB-300199-228
020 _a8186098216
_c200.00
035 _aB-206343
035 _aB-206363
082 _a615.88
100 _aगुप्ता, राजकुमारी
245 _aस्त्री एवं बाल रोग चिकित्सा /
_cराजकुमारी गुप्ता
250 _a3 रा संस्क
260 _aजयपुर
_bपापुलर बुक डिपो
_c2008
260 _aजयपुर
270 _aजी-15,एस.एस.टॉवर,धामाणी गली,चौड़ा रास्ता
_bजयपुर
_e302003
300 _a117पृ
_c22सेमी (सजिल्द)
942 _adpl
_cHN
_2ddc
_h615.88